000 00941nam a2200265Ia 4500
003 OSt
005 20220918171037.0
006 a|||||r|||| 00| 0
007 ta
008 220917b |||||||| |||| 00| 0 eng d
020 _a9781138196452 (pbk)
_cUKP 30.99
024 _a349,130
037 _b57039, 25/01/2019, Segment Book Distributors
_cTextual
040 _aARTS
_cARTS
_beng
041 _2eng
_aeng
082 _aX:8, Q8
100 _aJones Maureen Connelly Ed.
_933506
245 0 _aEvaluating organization development
_b how to ensure and sustain the successful transfromation
260 _aNew York
_bCRC Press USA
_c2018
300 _axv,203p.
_ccm.
650 _aECONOMICS; ORGANIZATIONAL CHANGE
_933507
700 _a Rothwell William J. Ed.
_933508
942 _hX:8, Q8
_cTEXL
_2CC
999 _c137507
_d137507